[Event "II Festival A"]
[Site "Lido degli Estensi - Comacchio ITA"]
[Date "2001.06.07"]
[Round "6"]
[White "Cebalo, Miso"]
[Black "Trabert, Bettina"]
[Result "1-0"]
[WhiteElo "2465"]
[BlackElo "2269"]
[PlyCount "71"]
[EventDate "2001.06.02"]

1.d4 d5 2.c4 e6 3.Nf3 c6 4.Nc3 dxc4 5.a4 Bb4 6.e3 b5 7.Bd2 a5 8.axb5 Bxc3 
9.Bxc3 cxb5 10.b3 Bb7 11.bxc4 b4 12.Bb2 Nf6 13.Bd3 Nbd7 14.Qc2 Qc7 15.e4 
e5 16.c5 O-O 17.O-O h6 18.dxe5 Nh5 19.Rfc1 Rfc8 20.g3 Qxc5 21.Qa4 Qe7 22.
Rxc8+ Rxc8 23.Qxa5 Nc5 24.Qxb4 Qd7 25.Bf1 Bxe4 26.Ne1 Bb7 27.Bd4 Ne6 28.
Be3 Bc6 29.Be2 Qd5 30.Bf3 Qxe5 31.Ra5 Qf6 32.Bxc6 Rxc6 33.Ra7 Nd8 34.Qa5 
Rd6 35.Qxh5 Qc3 36.Qa5 1-0

[Event "II Festival A"]
[Site "Lido degli Estensi - Comacchio ITA"]
[Date "2001.06.07"]
[Round "6"]
[White "Costantini, Laura"]
[Black "Ricci, Alfredo"]
[Result "1-0"]
[WhiteElo "1924"]
[BlackElo "2088"]
[PlyCount "105"]
[EventDate "2001.06.02"]

1.e4 c5 2.Nc3 e6 3.g3 b6 4.Bg2 Bb7 5.Nge2 Nf6 6.O-O d6 7.f4 Nbd7 8.d3 a6 
9.a4 Qc7 10.Bd2 Be7 11.h3 Nb8 12.g4 Nc6 13.f5 O-O-O 14.Nf4 Nd4 15.Nce2 
Nxe2+ 16.Nxe2 h6 17.fxe6 fxe6 18.c3 g5 19.b4 Nd7 20.Qb3 c4 21.dxc4 d5 22.
cxd5 Qe5 23.Qc4+ Kb8 24.Be1 Rc8 25.Qd3 Qc7 26.Bg3 Bd6 27.dxe6 Ne5 28.Bxe5 
Bxe5 29.Rf7 Qc4 30.Qxc4 Rxc4 31.e7 Re8 32.Rd1 Rcc8 33.Nd4 Rxc3 34.Nf5 Rcc8
35.Nd6 Bxd6 36.Rxd6 Kc7 37.Rd8 Kb8 38.Rxe8 Rxe8 39.Rf8 Bc6 40.a5 bxa5 41.
bxa5 Kc7 42.Rxe8 Bxe8 43.Bf1 Kd6 44.Bxa6 Kxe7 45.Bb7 Kd6 46.a6 Kc7 47.Kf2 
h5 48.Kf3 Bf7 49.e5 Be6 50.Ke4 Kb6 51.Bd5 Bc8 52.Bc4 Kc5 53.e6 1-0

[Event "II Festival A"]
[Site "Lido degli Estensi - Comacchio ITA"]
[Date "2001.06.07"]
[Round "6"]
[White "Del Vecchio, Gastone"]
[Black "Gandolfi, Gianfranco"]
[Result "0-1"]
[WhiteElo "1578"]
[BlackElo "1743"]
[PlyCount "120"]
[EventDate "2001.06.02"]

1.e4 e5 2.Nf3 Nc6 3.Bc4 Nf6 4.Qe2 Bc5 5.Bxf7+ Kxf7 6.Qc4+ d5 7.Qxc5 Nxe4 
8.Qe3 Re8 9.O-O Nf6 10.h3 e4 11.Nd4 Nxd4 12.Qxd4 Be6 13.a4 b6 14.b4 Qd6 
15.b5 Rac8 16.d3 c5 17.Qe3 d4 18.Qf4 Qxf4 19.Bxf4 exd3 20.cxd3 Nd5 21.Bd2 
Bf5 22.Ra3 a6 23.Rb3 axb5 24.axb5 Re2 25.Rd1 Ra8 26.Na3 Re7 27.Nc4 Kg8 28.
g4 Bd7 29.Kf1 Re6 30.f4 g6 31.Kf2 Nc7 32.f5 gxf5 33.gxf5 Rf6 34.Rg1+ Kh8 
35.Nxb6 Rxb6 36.Bf4 Nd5 37.Be5+ Nf6 38.Rg5 Rg8 39.Rxg8+ Kxg8 40.Ra3 Bxb5 
41.Ra8+ Kg7 42.Ra7+ Kh6 43.Bf4+ Kh5 44.Rg7 Bxd3 45.Kg3 h6 46.Rc7 Bxf5 47.
Be5 d3 48.Kf3 Be4+ 49.Kf2 Kg6 50.Ke1 Rc6 51.Ra7 c4 52.Kd2 Kf5 53.Ra5 Nd5 
54.Bg7 c3+ 55.Bxc3 Rxc3 56.Rxd5+ Bxd5 57.Kxc3 Ke4 58.Kd2 Kd4 59.h4 Bf3 60.
Ke1 Ke3 0-1

[Event "II Festival A"]
[Site "Lido degli Estensi - Comacchio ITA"]
[Date "2001.06.07"]
[Round "6"]
[White "Di Lazzaro, Gabriele"]
[Black "Popa, Claudiu"]
[Result "1/2-1/2"]
[WhiteElo "1975"]
[BlackElo "2101"]
[PlyCount "65"]
[EventDate "2001.06.02"]

1.Nf3 Nf6 2.g3 g6 3.b3 Bg7 4.Bb2 d5 5.c4 e6 6.Bg2 O-O 7.O-O c5 8.cxd5 exd5
9.d4 cxd4 10.Nxd4 b6 11.Nc3 Bb7 12.Rc1 Qd7 13.Ba3 Rd8 14.Ncb5 Nc6 15.Nxc6 
Bxc6 16.Nd4 Bb7 17.e3 Ne4 18.Qd3 Rac8 19.Rfd1 Nc5 20.Qb1 Qe8 21.Ne2 Ne4 
22.Bb2 Bxb2 23.Qxb2 Rxc1 24.Rxc1 Rc8 25.Rxc8 Qxc8 26.h4 Qc5 27.Bf3 Qb4 28.
Qc1 h5 29.Bxe4 Qxe4 30.Nd4 Ba6 31.b4 Bc4 32.a3 Qd3 33.Kg2 1/2-1/2

[Event "II Festival A"]
[Site "Lido degli Estensi - Comacchio ITA"]
[Date "2001.06.07"]
[Round "6"]
[White "Formanek, Edward W."]
[Black "Navarro, Emanuele"]
[Result "1-0"]
[WhiteElo "2293"]
[BlackElo "1924"]
[PlyCount "47"]
[EventDate "2001.06.02"]

1.e4 d6 2.d4 Nf6 3.Nc3 g6 4.Be3 Bg7 5.f3 c6 6.Qd2 Nbd7 7.Bh6 O-O 8.h4 e5 
9.dxe5 dxe5 10.O-O-O Qa5 11.g4 Nc5 12.h5 Be6 13.Bxg7 Kxg7 14.hxg6 fxg6 15.
Qh6+ Kg8 16.Nh3 Qc7 17.Ng5 Qe7 18.b4 Rad8 19.Rxd8 Rxd8 20.bxc5 Bxa2 21.
Nxa2 Qxc5 22.Bc4+ Qxc4 23.Nxh7 Qxa2 24.Qxg6+ 1-0

[Event "II Festival A"]
[Site "Lido degli Estensi - Comacchio ITA"]
[Date "2001.06.07"]
[Round "6"]
[White "Genocchio, Daniele"]
[Black "Martinovic, Slobodan"]
[Result "0-1"]
[WhiteElo "2278"]
[BlackElo "2433"]
[PlyCount "62"]
[EventDate "2001.06.02"]

1.e4 c5 2.Nf3 e6 3.d3 d6 4.g3 b6 5.Bg2 Bb7 6.O-O Nf6 7.Nbd2 Nbd7 8.Re1 Qc7
9.c3 Rc8 10.a3 Be7 11.h3 O-O 12.b3 Rfe8 13.Bb2 Ne5 14.Qb1 Nxf3+ 15.Bxf3 
Bf8 16.Qd1 g6 17.Bg2 Bg7 18.Rc1 b5 19.Qe2 Nd7 20.Rc2 a6 21.Bc1 Ne5 22.Nf3 
Nc6 23.h4 Na5 24.b4 cxb4 25.axb4 Nc6 26.Ba3 Red8 27.h5 a5 28.bxa5 Qxa5 29.
Bb2 e5 30.Ra1 Qb6 31.Bc1 Ra8 {...} 0-1

[Event "II Festival A"]
[Site "Lido degli Estensi - Comacchio ITA"]
[Date "2001.06.07"]
[Round "6"]
[White "Mauro, Alan"]
[Black "Brumen, Dinko"]
[Result "0-1"]
[WhiteElo "2225"]
[BlackElo "2458"]
[PlyCount "102"]
[EventDate "2001.06.02"]

1.e4 e6 2.d4 d5 3.Nc3 Bb4 4.Bd3 dxe4 5.Bxe4 Nf6 6.Bf3 O-O 7.Ne2 Nd5 8.O-O 
Nc6 9.a3 Be7 10.Nxd5 exd5 11.Nf4 Bd6 12.c3 Ne7 13.Re1 c6 14.g3 Bf5 15.Nd3 
Re8 16.Bg5 Qb6 17.b4 h6 18.Bf4 Bxf4 19.Nxf4 a5 20.Bg4 axb4 21.Rxe7 Rxe7 
22.Bxf5 bxa3 23.Bc2 Qb2 24.Qc1 Rae8 25.Nd3 Qxc3 26.Rxa3 Qxd4 27.Ra4 Qc3 
28.Ra3 Qf6 29.Kg2 Qd6 30.Nf4 c5 31.Rf3 Re5 32.Bb1 c4 33.Qc2 g6 34.h4 h5 
35.Qa4 Qc6 36.Qd1 b5 37.Bc2 Qd6 38.Qb1 b4 39.Bxg6 fxg6 40.Nxg6 Re4 41.Nf4 
Rf8 42.Qd1 Rexf4 43.gxf4 Rxf4 44.Rg3+ Rg4 45.Rxg4+ hxg4 46.Qxg4+ Kf7 47.
Qf5+ Kg7 48.h5 Kh6 49.f4 b3 50.Qg5+ Kh7 51.f5 Qh6 0-1

[Event "II Festival A"]
[Site "Lido degli Estensi - Comacchio ITA"]
[Date "2001.06.07"]
[Round "6"]
[White "Nikolic, Stanimir"]
[Black "Cedikova, Katerina"]
[Result "1-0"]
[WhiteElo "2366"]
[BlackElo "2137"]
[PlyCount "65"]
[EventDate "2001.06.02"]

1.e4 c5 2.Nc3 Nc6 3.f4 g6 4.Bc4 Bg7 5.Nf3 e6 6.a3 Nge7 7.Qe2 O-O 8.d3 d5 
9.Ba2 b6 10.Qf2 dxe4 11.dxe4 Ba6 12.Bd2 Qc7 13.Nh4 Nd4 14.Be3 Rac8 15.g4 
b5 16.e5 Qc6 17.O-O-O Rfd8 18.Rhe1 Bf8 19.Bxd4 cxd4 20.Rxd4 Rxd4 21.Qxd4 
Nd5 22.Bxd5 exd5 23.Qxd5 Bxa3 24.Qxc6 Rxc6 25.Nd5 Bf8 26.Nf3 Bb7 27.Ng5 h6
28.Ne4 Rc4 29.Ndf6+ Kg7 30.Ne8+ Kg8 31.N4d6 Bxd6 32.Nxd6 Rc7 33.Nxb5 1-0

[Event "II Festival A"]
[Site "Lido degli Estensi - Comacchio ITA"]
[Date "2001.06.07"]
[Round "6"]
[White "Opacic, Alexandar"]
[Black "Mayers, Dan E."]
[Result "1-0"]
[WhiteElo "1921"]
[BlackElo "2115"]
[PlyCount "61"]
[EventDate "2001.06.02"]

1.e4 e6 2.d4 d5 3.Nd2 Nc6 4.Ngf3 Nf6 5.Bd3 Nb4 6.e5 Nxd3+ 7.cxd3 Nd7 8.O-O
Be7 9.Re1 O-O 10.Nf1 b6 11.Be3 Ba6 12.a3 c5 13.Re2 Re8 14.Rc1 Rc8 15.Rec2 
f6 16.exf6 gxf6 17.Ne1 e5 18.Bh6 Kh8 19.Ne3 Bb7 20.Nf5 Rg8 21.Re2 Bf8 22.
Re3 exd4 23.Rh3 Rg6 24.Qh5 Bxh6 25.Nxh6 Rxh6 26.Qxh6 Qe7 27.Nf3 Re8 28.g3 
Bc8 29.Re1 Ne5 30.Nxe5 fxe5 31.Rxe5 1-0

[Event "II Festival A"]
[Site "Lido degli Estensi - Comacchio ITA"]
[Date "2001.06.07"]
[Round "6"]
[White "Russo, Carmelo"]
[Black "Logallo, Claudio"]
[Result "0-1"]
[WhiteElo "1384"]
[BlackElo "1720"]
[PlyCount "85"]
[EventDate "2001.06.02"]

1.Nf3 f5 2.c4 Nf6 3.d4 e6 4.g3 b6 5.Bg2 Bb7 6.O-O d6 7.Bg5 Be7 8.Nc3 h6 9.
Bxf6 Bxf6 10.d5 e5 11.Qa4+ Nd7 12.Nd2 O-O 13.Bh3 Nc5 14.Qc2 e4 15.Rab1 a5 
16.Nd1 Bg5 17.Nb3 Nxb3 18.Qxb3 Qe7 19.Ne3 g6 20.Rbd1 Bc8 21.Nc2 Bf6 22.e3 
Bd7 23.Nd4 Bxd4 24.Rxd4 g5 25.f3 exf3 26.g4 fxg4 27.Bxg4 Bxg4 28.Rxg4 Rae8
29.Kf2 Qe5 30.Rg3 Re7 31.h4 Rg7 32.Rfg1 g4 33.Qc3 Qxc3 34.bxc3 h5 35.a4 
Re7 36.Rd1 Rfe8 37.Rd4 Rxe3 38.Rdxg4+ hxg4 39.Rxg4+ Kh7 40.Rf4 Rxc3 41.
Rxf3 Rxf3+ 42.Kxf3 Kh6 43.Kg4 0-1

[Event "II Festival A"]
[Site "Lido degli Estensi - Comacchio ITA"]
[Date "2001.06.07"]
[Round "6"]
[White "Ruzza, Claudio"]
[Black "Heinlein, Reinhold"]
[Result "1-0"]
[WhiteElo "2088"]
[BlackElo "2185"]
[PlyCount "81"]
[EventDate "2001.06.02"]

1.d4 Nf6 2.Nf3 g6 3.Bf4 d6 4.h3 Bg7 5.e3 O-O 6.Be2 Nbd7 7.c4 c6 8.O-O Ne8 
9.Nc3 e5 10.dxe5 dxe5 11.Bxe5 Qe7 12.Bxg7 Nxg7 13.Qc2 Nf6 14.Rad1 h6 15.
Qd2 Nge8 16.Rfe1 g5 17.Nh2 Kg7 18.b3 Rg8 19.Bf3 Kh8 20.e4 Qf8 21.e5 g4 22.
hxg4 Nh7 23.Ne4 Qg7 24.Qf4 Be6 25.Ng3 Ng5 26.Be4 a5 27.a4 Rb8 28.Nh5 Qf8 
29.Nf6 Rg7 30.Bf5 Bxf5 31.Qxf5 Qb4 32.Re3 Nc7 33.Nf3 Nce6 34.Nxg5 Nxg5 35.
Nh5 Rg6 36.Red3 Qe7 37.Rd7 Qe6 38.Qxe6 Nxe6 39.Rxf7 Rxg4 40.Nf6 Rg7 41.
Rdd7 1-0

[Event "II Festival A"]
[Site "Lido degli Estensi - Comacchio ITA"]
[Date "2001.06.07"]
[Round "6"]
[White "Skembris, Spyridon"]
[Black "Borgo, Giulio"]
[Result "1-0"]
[WhiteElo "2450"]
[BlackElo "2408"]
[PlyCount "138"]
[EventDate "2001.06.02"]

1.d4 d5 2.c4 e6 3.Nf3 Nf6 4.Nc3 Nbd7 5.Bg5 c6 6.e3 Qa5 7.Bxf6 Nxf6 8.Nd2 
Qc7 9.Rc1 a6 10.Be2 Bd7 11.a3 g6 12.O-O Bg7 13.Bf3 Qd8 14.Qe2 O-O 15.Rfd1 
Qe7 16.Na4 Rad8 17.Nb6 Be8 18.Qd3 Nd7 19.Qb3 f6 20.Nxd7 Rxd7 21.cxd5 exd5 
22.Ne4 Qf7 23.Nc5 Re7 24.g3 g5 25.Bg2 f5 26.Nd3 Qh5 27.Qb4 Bf6 28.Re1 Rg7 
29.f4 gxf4 30.exf4 Qf7 31.Ne5 Qe7 32.Qd2 Qd6 33.Re3 Bh5 34.b4 Bd8 35.Rce1 
Bb6 36.Qc3 Qf6 37.Kf2 Rc7 38.Bf3 Be8 39.Qd2 Rg7 40.Kg2 Kh8 41.Nd3 Bf7 42.
Nc5 Bg8 43.Re5 Rc7 44.Qe3 Rg7 45.Re7 a5 46.Qe5 Qxe5 47.R1xe5 axb4 48.axb4 
Bd8 49.Re8 Rxe8 50.Rxe8 Bf6 51.b5 Re7 52.Rxe7 Bxe7 53.bxc6 bxc6 54.Bh5 Bf6
55.Nb3 Kg7 56.Be8 Bf7 57.Bxc6 Be6 58.Kf3 Kf7 59.Ke3 Ke7 60.Nc5 Kd6 61.Be8 
Bc8 62.Bb5 Bd8 63.Nb3 Bb6 64.h3 Be6 65.Bd3 Bd7 66.Kf3 Ba4 67.Nd2 Bd1+ 68.
Ke3 Ba5 69.Bxf5 h6 1-0

[Event "II Festival A"]
[Site "Lido degli Estensi - Comacchio ITA"]
[Date "2001.06.07"]
[Round "6"]
[White "Tatai, Stefano"]
[Black "Lazic, Miroljub"]
[Result "1/2-1/2"]
[WhiteElo "2352"]
[BlackElo "2475"]
[PlyCount "130"]
[EventDate "2001.06.02"]

1.e4 e5 2.Nf3 Nc6 3.Bb5 a6 4.Bxc6 dxc6 5.O-O Qd6 6.Nc3 Be6 7.Ng5 f6 8.Nxe6
Qxe6 9.Nb1 O-O-O 10.d3 Ne7 11.Nc3 c5 12.b3 Nc6 13.Ne2 Bd6 14.Be3 g6 15.f4 
f5 16.exf5 gxf5 17.Qd2 e4 18.Rae1 Rhg8 19.dxe4 Bxf4 20.Qc1 Bd6 21.Bf4 fxe4
22.Ng3 Qd5 23.Bxd6 cxd6 24.Nxe4 Ne5 25.Qd2 Qc6 26.Nf6 Rg7 27.Qd5 Kc7 28.
Rd1 Qxd5 29.Rxd5 Kc6 30.Rfd1 Nf3+ 31.Kh1 Nd4 32.c3 Rf8 33.cxd4 Rxf6 34.
dxc5 dxc5 35.Kg1 Re7 36.R5d2 Kb5 37.Rc1 Rf4 38.g3 Rfe4 39.Rdc2 b6 40.Kf2 
Rd4 41.Re1 Rxe1 42.Kxe1 Kb4 43.Ke2 b5 44.Ke3 Rd7 45.g4 c4 46.bxc4 bxc4 47.
Rb2+ Kc3 48.Rb6 Rd3+ 49.Ke4 Rh3 50.Rxa6 Rxh2 51.a4 Re2+ 52.Kf5 Re7 53.a5 
Kb4 54.Rc6 Ra7 55.a6 Kb5 56.Rh6 c3 57.Rh3 Kc4 58.Rh2 Kb3 59.Rh6 Rc7 60.
Rb6+ Kc4 61.Rb7 Rc5+ 62.Ke4 c2 63.a7 c1=Q 64.a8=Q Qh1+ 65.Kf4 Qh2+ 1/2-1/2

[Event "II Festival A"]
[Site "Lido degli Estensi - Comacchio ITA"]
[Date "2001.06.07"]
[Round "6"]
[White "Tocco, Paolo"]
[Black "Mrdja, Milan"]
[Result "0-1"]
[WhiteElo "2144"]
[BlackElo "2450"]
[PlyCount "64"]
[EventDate "2001.06.02"]

1.e4 c5 2.Nc3 Nc6 3.g3 g6 4.Bg2 Bg7 5.d3 d6 6.Be3 Rb8 7.Qd2 b5 8.Nge2 Nd4 
9.O-O h5 10.h3 Bxh3 11.Bxd4 cxd4 12.Bxh3 dxc3 13.Nxc3 h4 14.Kg2 b4 15.Nd1 
e6 16.a3 b3 17.cxb3 Rxb3 18.Qc2 Qb8 19.Qc4 Ne7 20.Rc1 d5 21.exd5 Nxd5 22.
Re1 Qb7 23.Kg1 hxg3 24.Qa4+ Ke7 25.Bg2 gxf2+ 26.Nxf2 Rd8 27.Rc5 Rxb2 28.
Qa5 Qb6 29.Bxd5 Qxa5 30.Rxa5 Bd4 31.Re4 Bxf2+ 32.Kf1 Bb6 0-1

[Event "II Festival A"]
[Site "Lido degli Estensi - Comacchio ITA"]
[Date "2001.06.07"]
[Round "6"]
[White "Tomasi, Diego"]
[Black "Costantini, Roberto"]
[Result "1/2-1/2"]
[WhiteElo "2042"]
[BlackElo "2268"]
[PlyCount "81"]
[EventDate "2001.06.02"]

1.e4 c5 2.d4 cxd4 3.c3 Nf6 4.Bc4 Nxe4 5.Bxf7+ Kxf7 6.Qh5+ g6 7.Qd5+ e6 8.
Qxe4 Bg7 9.Nf3 Rf8 10.Nxd4 d5 11.Qe2 e5 12.Nb3 Kg8 13.O-O Nc6 14.Be3 Kh8 
15.f3 a5 16.N1d2 a4 17.Nc1 a3 18.b3 d4 19.Bf2 dxc3 20.Ne4 Nd4 21.Qc4 c2 
22.Bxd4 Qxd4+ 23.Qxd4 exd4 24.Nd3 Bh6 25.Rae1 Bd7 26.Nd6 Be3+ 27.Kh1 Bf5 
28.Nxf5 Rxf5 29.g4 Rf6 30.Kg2 Rc8 31.f4 Rc3 32.Nc1 Rxf4 33.Rxe3 Rxf1 34.
Re8+ Kg7 35.Kxf1 Rh3 36.Re2 d3 37.Rd2 Rf3+ 38.Kg2 Re3 39.Kf2 Rh3 40.Kg2 
Re3 41.Kf2 1/2-1/2

[Event "II Festival A"]
[Site "Lido degli Estensi - Comacchio ITA"]
[Date "2001.06.07"]
[Round "6"]
[White "Trifunovic, Dusan"]
[Black "Caoili, Arianne"]
[Result "0-1"]
[WhiteElo "2055"]
[BlackElo "2140"]
[PlyCount "38"]
[EventDate "2001.06.02"]

1.e4 c5 2.c3 d5 3.exd5 Qxd5 4.d4 Nf6 5.Nf3 Nc6 6.Na3 Bg4 7.Be2 e6 8.h3 Bh5
9.g4 Bg6 10.g5 Ne4 11.c4 Qf5 12.Qb3 O-O-O 13.dxc5 Bxc5 14.Be3 Bb4+ 15.Kf1 
Bh5 16.Kg2 Nxg5 17.Nh4 Qe4+ 18.Kg3 Bd6+ 19.f4 Bxe2 0-1

[Event "II Festival A"]
[Site "Lido degli Estensi - Comacchio ITA"]
[Date "2001.06.07"]
[Round "6"]
[White "Weinberg, Emanuele"]
[Black "Gatta, Giorgio"]
[Result "1/2-1/2"]
[WhiteElo "1701"]
[BlackElo "1849"]
[PlyCount "85"]
[EventDate "2001.06.02"]

1.d4 Nf6 2.c4 g6 3.Nc3 d5 4.cxd5 Nxd5 5.e4 Nxc3 6.bxc3 Bg7 7.Bc4 c5 8.Be3 
O-O 9.Ne2 Nc6 10.O-O Bg4 11.f3 Na5 12.Bxf7+ Rxf7 13.fxg4 Rxf1+ 14.Kxf1 Qd7
15.h3 Rd8 16.Rc1 Qe6 17.Qc2 Nc4 18.Bf2 Rf8 19.Kg1 Bh6 20.Ra1 Nd2 21.e5 Qf7
22.Bh4 Be3+ 23.Kh1 g5 24.Qd3 Nc4 25.Bg3 Rd8 26.Qe4 e6 27.Rd1 b5 28.Qc6 
cxd4 29.cxd4 Nb2 30.Rb1 Nc4 31.Qe4 Nd2 32.Qxe3 Nxb1 33.Qc1 Qg6 34.Ng1 Rf8 
35.Nf3 h6 36.d5 exd5 37.e6 Re8 38.Ne5 Qe4 39.Nd7 Qxe6 40.Qxb1 Qxd7 41.Qg6+
Kh8 42.Qxh6+ Qh7 43.Be5+ 1/2-1/2

[Event "II Festival A"]
[Site "Lido degli Estensi - Comacchio ITA"]
[Date "2001.06.08"]
[Round "7"]
[White "Borgo, Giulio"]
[Black "Cebalo, Miso"]
[Result "1/2-1/2"]
[WhiteElo "2408"]
[BlackElo "2465"]
[PlyCount "39"]
[EventDate "2001.06.02"]

1.e4 c5 2.Nf3 d6 3.d4 cxd4 4.Qxd4 a6 5.c4 Nc6 6.Qd2 g6 7.b3 Bg7 8.Nc3 Bg4 
9.Be2 Nf6 10.Bb2 O-O 11.h3 Bxf3 12.Bxf3 Qa5 13.O-O Rab8 14.a3 Rfc8 15.Rfe1
Nd7 16.Rac1 e6 17.b4 Qd8 18.Nd1 Nde5 19.Be2 Qh4 20.f4 1/2-1/2

[Event "II Festival A"]
[Site "Lido degli Estensi - Comacchio ITA"]
[Date "2001.06.08"]
[Round "7"]
[White "Chiodini, Pietro"]
[Black "Trifunovic, Dusan"]
[Result "1-0"]
[WhiteElo "1492"]
[BlackElo "2055"]
[PlyCount "85"]
[EventDate "2001.06.02"]

1.e4 e5 2.Bc4 Bc5 3.c3 Qf6 4.Nf3 d6 5.d4 exd4 6.cxd4 Bb4+ 7.Nc3 c6 8.O-O 
Qg6 9.Ne2 b5 10.Nf4 Qg4 11.Bxf7+ Kxf7 12.Qb3+ Ke7 13.Qxb4 a5 14.Qe1 Nh6 
15.h3 Qd7 16.Nh5 Kd8 17.Bxh6 gxh6 18.e5 d5 19.Nf6 Qg7 20.Kh2 a4 21.Nh4 Na6
22.f4 Rf8 23.f5 Rxf6 24.exf6 Qxf6 25.Rf4 Ra7 26.Qe5 Rf7 27.Re1 Nb4 28.Rf3 
Nxa2 29.Qxf6+ Rxf6 30.g4 Bd7 31.Rfe3 Nb4 32.R1e2 c5 33.dxc5 d4 34.Re4 Nc6 
35.Nf3 h5 36.Nxd4 hxg4 37.hxg4 h5 38.g5 Rf8 39.Nxc6+ Bxc6 40.Rf4 Bd7 41.f6
Bc6 42.Kg3 Kd7 43.Kh4 1-0

[Event "II Festival A"]
[Site "Lido degli Estensi - Comacchio ITA"]
[Date "2001.06.08"]
[Round "7"]
[White "Costantini, Roberto"]
[Black "Opacic, Alexandar"]
[Result "1-0"]
[WhiteElo "2268"]
[BlackElo "1921"]
[PlyCount "79"]
[EventDate "2001.06.02"]

1.e4 d6 2.d4 Nf6 3.Nc3 g6 4.Be3 Bg7 5.Qd2 h6 6.h3 c6 7.Nf3 b5 8.Bd3 a6 9.
O-O Qc7 10.a4 b4 11.Ne2 a5 12.c3 bxc3 13.Nxc3 Ba6 14.e5 Nfd7 15.e6 Nf6 16.
exf7+ Kxf7 17.Rfe1 Bxd3 18.Qxd3 g5 19.d5 Qd7 20.Re2 Na6 21.dxc6 Qxc6 22.
Bxg5 Nc5 23.Qc4+ e6 24.Rxe6 Nxe6 25.Qxc6 Nxg5 26.Qc7+ Kg6 27.Nh4+ Kh7 28.
Nf5 Rhg8 29.Re1 Rae8 30.Rxe8 Nxe8 31.Qxa5 Be5 32.Qa7+ Kh8 33.Nxh6 Rg7 34.
Qa8 Re7 35.Nd5 Re6 36.Nc7 Re7 37.Nxe8 Bf4 38.Nxd6+ Kh7 39.Qg8+ Kxh6 40.
Nf5+ 1-0

[Event "II Festival A"]
[Site "Lido degli Estensi - Comacchio ITA"]
[Date "2001.06.08"]
[Round "7"]
[White "Diotallevi, Maurizio"]
[Black "Burani, Eugenio"]
[Result "1-0"]
[WhiteElo "2088"]
[BlackElo "1705"]
[PlyCount "107"]
[EventDate "2001.06.02"]

1.d4 Nf6 2.Bg5 e6 3.e3 c5 4.Bd3 b6 5.Nf3 Bb7 6.O-O g6 7.Nbd2 Bg7 8.c3 O-O 
9.Ne5 Qc7 10.Qe2 d6 11.Nef3 Nbd7 12.e4 Rac8 13.Rfe1 Rfe8 14.dxc5 Nxc5 15.
Bc2 d5 16.exd5 exd5 17.Qd1 Rxe1+ 18.Qxe1 Re8 19.Qd1 Nce4 20.Bxf6 Bxf6 21.
Nb3 Qf4 22.Nbd4 a6 23.Qc1 Qxc1+ 24.Rxc1 Ng5 25.Nxg5 Bxg5 26.Rd1 Bf6 27.Kf1
Be5 28.g3 Bc7 29.a4 f5 30.Bb3 Kg7 31.Nc2 Rd8 32.Ne3 f4 33.Nxd5 Bxd5 34.
Bxd5 fxg3 35.hxg3 Kf6 36.c4 Be5 37.Rd2 g5 38.g4 a5 39.Ke2 h6 40.Kd3 Rd7 
41.b3 Rd8 42.Rd1 Rd7 43.Rh1 Rh7 44.c5 bxc5 45.Kc4 Bd4 46.f3 Bf2 47.Kb5 Ke5
48.Be4 Rh8 49.Kxa5 h5 50.Rxh5 Rxh5 51.gxh5 g4 52.h6 Kf4 53.h7 Bd4 54.Bd3 
1-0

[Event "II Festival A"]
[Site "Lido degli Estensi - Comacchio ITA"]
[Date "2001.06.08"]
[Round "7"]
[White "Gandolfi, Gianfranco"]
[Black "Weinberg, Emanuele"]
[Result "1-0"]
[WhiteElo "1743"]
[BlackElo "1701"]
[PlyCount "117"]
[EventDate "2001.06.02"]

1.e4 Nf6 2.e5 Nd5 3.d4 d6 4.Nf3 Nc6 5.c4 Nb6 6.exd6 cxd6 7.h3 g6 8.Nc3 Bg7
9.Be3 O-O 10.Rc1 d5 11.c5 Nc4 12.Bxc4 dxc4 13.O-O b6 14.a3 bxc5 15.dxc5 
Qxd1 16.Rfxd1 Rb8 17.Rd2 Na5 18.Rcd1 Nb3 19.Rd8 Bf5 20.Rxb8 Rxb8 21.Ne1 h5
22.f3 h4 23.Bf2 Kf8 24.c6 Be5 25.Bxa7 Rc8 26.Bf2 Rxc6 27.Rd8+ Kg7 28.Bxh4 
f6 29.Bf2 Rd6 30.Rxd6 exd6 31.g4 Be6 32.Be3 g5 33.Nc2 d5 34.Na4 d4 35.Bf2 
Kf7 36.Kg2 Ke7 37.Bg3 d3 38.Ne3 Bd4 39.Bf2 Kd6 40.Nc3 Kc6 41.Ned1 Be5 42.
h4 gxh4 43.Bxh4 Nd2 44.Bg3 Bd4 45.Bf2 Be5 46.Be3 Bc7 47.Bxd2 Be5 48.Ne4 f5
49.gxf5 Bxf5 50.Ndc3 Kc7 51.f4 Bxe4+ 52.Nxe4 Bxb2 53.a4 Kc6 54.Bc3 Kd5 55.
Bxb2 Kxe4 56.Kf2 Kxf4 57.a5 c3 58.Bxc3 d2 59.Ke2 1-0

[Event "II Festival A"]
[Site "Lido degli Estensi - Comacchio ITA"]
[Date "2001.06.08"]
[Round "7"]
[White "Gatta, Giorgio"]
[Black "Barletta, Antonio"]
[Result "0-1"]
[WhiteElo "1849"]
[BlackElo "1902"]
[PlyCount "62"]
[EventDate "2001.06.02"]

1.d4 Nf6 2.Nf3 c5 3.d5 b5 4.c4 Bb7 5.Qc2 bxc4 6.e4 e6 7.dxe6 fxe6 8.e5 Nd5
9.a3 Nc6 10.Bxc4 Qc7 11.Bxd5 exd5 12.Bf4 d6 13.exd6 Bxd6 14.Bxd6 Qxd6 15.
O-O O-O 16.Nc3 Rxf3 17.gxf3 Nd4 18.Qd1 Rf8 19.f4 Qxf4 20.f3 Nxf3+ 21.Rxf3 
Qxf3 22.Qxf3 Rxf3 23.Nb5 Rb3 24.Nd6 Rxb2 25.Re1 h6 26.Re8+ Kh7 27.Rb8 c4 
28.Kf1 c3 29.Ke1 Ba6 30.Rb4 Rxh2 31.Kd1 Bd3 0-1

[Event "II Festival A"]
[Site "Lido degli Estensi - Comacchio ITA"]
[Date "2001.06.08"]
[Round "7"]
[White "Heinlein, Reinhold"]
[Black "Logallo, Claudio"]
[Result "1-0"]
[WhiteElo "2185"]
[BlackElo "1720"]
[PlyCount "73"]
[EventDate "2001.06.02"]

1.d4 d5 2.c4 e6 3.Nc3 Nf6 4.Bg5 Be7 5.e3 Nbd7 6.Nf3 h6 7.Bh4 O-O 8.Rc1 c6 
9.Bd3 dxc4 10.Bxc4 a6 11.Bd3 b5 12.O-O Bb7 13.Bxf6 Bxf6 14.b4 e5 15.Ne4 
exd4 16.Nxd4 Bxd4 17.exd4 a5 18.a3 axb4 19.axb4 Ra4 20.Qd2 Qe7 21.Nc5 Nxc5
22.dxc5 Qh4 23.f4 Rfa8 24.Rce1 Qf6 25.Bb1 Rd8 26.Qc2 g6 27.f5 g5 28.Re4 
Ra7 29.Rfe1 Ba8 30.Re8+ Rxe8 31.Rxe8+ Kg7 32.Qd3 Re7 33.Rxa8 Re1+ 34.Kf2 
Rxb1 35.Qxb1 Qd4+ 36.Kf1 Qf4+ 37.Kg1 1-0

[Event "II Festival A"]
[Site "Lido degli Estensi - Comacchio ITA"]
[Date "2001.06.08"]
[Round "7"]
[White "Lagrotteria, Salvatore"]
[Black "Ruzza, Claudio"]
[Result "1-0"]
[WhiteElo "2201"]
[BlackElo "2088"]
[PlyCount "91"]
[EventDate "2001.06.02"]

1.Nf3 g6 2.g3 Bg7 3.Bg2 e5 4.d3 d6 5.e4 c5 6.Nbd2 Nc6 7.c3 Nge7 8.O-O O-O 
9.a3 a5 10.a4 h6 11.Nc4 Kh7 12.Ne1 Be6 13.f4 f5 14.Ne3 Qd7 15.Nd5 Rab8 16.
Nc2 Ng8 17.Nce3 Nf6 18.Nc4 Rfd8 19.Qe2 fxe4 20.dxe4 Bg4 21.Qe3 exf4 22.
Qxf4 Nxd5 23.exd5 Ne5 24.Nxe5 dxe5 25.Qc4 b6 26.Rf2 Rf8 27.Be3 Rxf2 28.
Bxf2 h5 29.Re1 Rf8 30.b3 Qf5 31.Rf1 Qc2 32.Be4 Qd2 33.Qd3 Qxd3 34.Bxd3 Rf3
35.Bb5 Bf8 36.Be1 Rxf1+ 37.Kxf1 Bd6 38.Kf2 Bd1 39.Bc4 Kg7 40.Bd2 Bc2 41.
Bg5 Bc7 42.Be7 Bf5 43.d6 Bb8 44.Bd8 Ba7 45.Bb5 Kf8 46.Bg5 1-0

[Event "II Festival A"]
[Site "Lido degli Estensi - Comacchio ITA"]
[Date "2001.06.08"]
[Round "7"]
[White "Lazarev, Vladimir"]
[Black "Bukal, Vladimir jr"]
[Result "1-0"]
[WhiteElo "2500"]
[BlackElo "2392"]
[PlyCount "77"]
[EventDate "2001.06.02"]

1.d4 d5 2.c4 c6 3.Nc3 Nf6 4.e3 a6 5.Qc2 b5 6.b3 g6 7.Bd3 Bg7 8.Nf3 O-O 9.
O-O Nbd7 10.Bb2 Bb7 11.Rfd1 Re8 12.h3 Qc7 13.Rac1 dxc4 14.bxc4 Nb6 15.Ne2 
Qb8 16.Ba1 Nfd7 17.c5 Na4 18.Ng3 Qc7 19.h4 Rad8 20.h5 Bc8 21.hxg6 hxg6 22.
Qb3 Nf8 23.Ng5 e5 24.N5e4 Re7 25.Nd6 Ne6 26.Be4 exd4 27.exd4 Ng5 28.Nxc8 
Rxe4 29.Nxe4 Nxe4 30.Qe3 f5 31.f3 Qxc8 32.fxe4 Re8 33.e5 Qe6 34.Qb3 Bh6 
35.Rc2 Kf7 36.d5 cxd5 37.c6 Nb6 38.Qd3 Qxc6 39.Rxc6 1-0

[Event "II Festival A"]
[Site "Lido degli Estensi - Comacchio ITA"]
[Date "2001.06.08"]
[Round "7"]
[White "Lazic, Miroljub"]
[Black "Bukal, Vladimir sr"]
[Result "1-0"]
[WhiteElo "2475"]
[BlackElo "2439"]
[PlyCount "57"]
[EventDate "2001.06.02"]

1.e4 e6 2.d4 d5 3.Nd2 Nf6 4.e5 Nfd7 5.c3 c5 6.Bd3 Nc6 7.Ne2 cxd4 8.cxd4 a5
9.Nf3 a4 10.O-O Nb6 11.Ng3 g6 12.h4 Nb4 13.Be2 Be7 14.Bg5 Bd7 15.Qd2 Bc6 
16.a3 Na6 17.Qf4 Nc4 18.Bh6 Bf8 19.Bxf8 Kxf8 20.Ng5 Qe7 21.Bxc4 dxc4 22.
N5e4 h6 23.h5 Bxe4 24.Qxe4 Kg7 25.Rac1 b5 26.f4 Qh4 27.Rc3 Nc7 28.hxg6 Nd5
29.Qxd5 1-0

[Event "II Festival A"]
[Site "Lido degli Estensi - Comacchio ITA"]
[Date "2001.06.08"]
[Round "7"]
[White "Lelchuk, Zoja"]
[Black "Nikolic, Stanimir"]
[Result "1-0"]
[WhiteElo "2411"]
[BlackElo "2366"]
[PlyCount "65"]
[EventDate "2001.06.02"]

1.Nf3 c5 2.c4 Nf6 3.Nc3 Nc6 4.d4 cxd4 5.Nxd4 Qb6 6.Nb3 e6 7.Bg5 Bb4 8.Bxf6
gxf6 9.e3 Qc7 10.Rc1 a6 11.c5 Na5 12.Nd2 d5 13.cxd6 Qxd6 14.Be2 Bd7 15.O-O
Rd8 16.Nde4 Qxd1 17.Rfxd1 Ke7 18.g4 Bc6 19.h3 Rhg8 20.Kf1 Rc8 21.Ng3 b5 
22.Nce4 Nb7 23.Bd3 h6 24.Ke2 Nd6 25.a3 Ba5 26.Nxd6 Kxd6 27.Bh7+ Kc7 28.
Bxg8 Rxg8 29.Ne4 f5 30.gxf5 exf5 31.Rd6 fxe4 32.Rcxc6+ Kb7 33.Rxh6 1-0